A den se vrátil (co následovalo po 17. listopadu 1939)

Bibliographic Details
Main Author: Leikert, Jozef, 1955- (Author)
Other Authors: Leikertová, Blanka (Translator)
Format: Book
Language:Czech
Slovak
PhysicalDescription:461 s., [16] s. fotografie, noty 20 cm
Published: Bratislava Astra 1993
ISBN:8096706004
Subjects:

MARC

LEADER 00000cam a2200000 a 4500
001 vtls001059113
003 SK-MaSNL
005 20260311123202.0
008 240702s1993 xo oa grn 00000 cze
015 |a SNBA1995/1002672 
020 |a 8096706004 
035 |a SNK000001931 
040 |a SNK  |b slo  |c SNK  |e AACR2 
041 1 |a cze  |b eng  |b fre  |b ger  |h slo 
043 |a e-cs---  |a e-gx--- 
044 |a xo  |c SK 
072 7 |a 323  |x Vnútropolitický vývoj, politický život  |2 konspekt 
080 |a 885.4-94=850  |2 1981 
080 |a 943.7"1939"=850  |2 1981 
080 |a 378.011.3-055.1  |2 2011 
080 |a 323.233  |2 2011 
080 |a 323.28:329.19  |2 2011 
080 |a 343.819.5  |2 2011 
080 |a 341.324.6  |2 2011 
080 |a (0:82-96)  |2 2011 
080 |a (437)  |2 2011 
080 |a (0:82-94)  |2 2011 
080 |a (430)  |2 2011 
080 |a 94(100)"1939/1945"  |2 2011 
100 1 |a Leikert, Jozef,  |d 1955-  |4 aut  |9 92878 
245 1 0 |a A den se vrátil  |b (co následovalo po 17. listopadu 1939)  |c Jozef Leikert ; zo slovenčiny preložila Blanka Leikertová 
260 |a Bratislava  |b Astra  |c 1993 
300 |a 461 s., [16] s.  |b fotografie, noty  |c 20 cm 
504 |a Obsahuje bibliografiu 
546 |a Anglické, francúzske a nemecké resumé 
610 2 7 |a Sachsenhausen (koncentračný tábor)  |2 SNKKA  |9 196761 
650 0 7 |a vysokoškolskí študenti  |2 SNKPH  |9 3981 
650 0 7 |a demonštrácie  |2 SNKPH  |9 4748 
650 0 7 |a nacistická perzekúcia  |2 SNKPH  |9 158510 
650 0 7 |a koncentračné tábory  |2 SNKPH  |9 2654 
650 0 7 |a nútené práce  |2 SNKPH  |9 2680 
650 0 7 |a druhá svetová vojna (1939-1945)  |2 SNKPH  |9 169657 
651 7 |a Československo  |2 SNKPHgeo  |9 21376 
651 7 |a Nemecko  |2 SNKPHgeo  |9 21020 
655 7 |a literatúra faktu  |2 SNKPH  |9 70526 
655 7 |a spomienky  |2 SNKPH  |9 29509 
700 1 |a Leikertová, Blanka  |4 trl  |9 375155 
852 |a Slovenská národná knižnica 
919 |a 80-967060-0-4 
954 |a odborná, vedecká literatúra pôvodná (slovenská)  |2 lita 
958 |a OP 
958 |a NB 
968 |a Čes  |b SLO 
999 |c 618005  |d 619935 
952 |t P60, <04>, [BOOK], {604}  |a SNK  |b SNK  |y VYP  |7 0  |p 17A0003105  |o snkSD 67358 D1  |i snkKSP 7907/95  |0 0  |1 0  |4 0  |d 1995-09-08  |l 0  |r 2004-12-31 00:00:00  |w 2026-02-23 
952 |t P60, <03>, [BOOK], {603}  |a SNK  |b SNK  |y PREZ  |7 0  |o snkSD 67358  |i snkKSP 7906/95  |0 0  |1 0  |4 0  |d 1995-09-08  |l 0  |r 2004-12-31 00:00:00  |w 2026-02-23 
952 |a SNK  |b SNK  |y PREZ  |7 0  |p 17A1053180  |o snkSD 67358   |0 0  |1 0  |4 0  |d 2013-07-16  |l 0  |r 2026-02-23 16:44:54  |w 2026-02-23 
952 |t P60, <09>, [BOOK], {629}  |a SNK  |b SNK  |y NEVYP  |7 0  |0 0  |1 0  |4 0  |d 1995-09-08  |l 0  |r 2004-12-31 00:00:00  |w 2026-02-23